[Event "HUN-chT U18"]
[Site "Budapest"]
[Date "2022.11.01"]
[Round "3.4"]
[White "Szabo Toth, Gabor"]
[Black "Szalay Ocsak, Bank"]
[Result "1/2-1/2"]
[WhiteElo "1896"]
[BlackElo "2097"]
[PlyCount "68"]
[EventDate "2022.10.31"]
[EventType "team-swiss"]
[EventRounds "7"]
[EventCountry "HUN"]
[SourceTitle "CBM 211 Extra"]
[Source "ChessBase"]
[SourceDate "2023.01.31"]
[SourceVersion "1"]
[SourceVersionDate "2023.01.31"]
[SourceQuality "1"]
[WhiteTeam "Geniusz Tata"]
[BlackTeam "Budapest MTK"]
[WhiteTeamCountry "HUN"]
[BlackTeamCountry "HUN"]

1. e4 c5 2. Nf3 d6 3. d4 cxd4 4. Nxd4 Nf6 5. Nc3 a6 6. Nb3 e6 7. g4 b5 8. Bg2 Bb7 9. g5 Nfd7 10. h4 Nc6 11. Be3 Rc8 12. f4 Be7 13. Qd2 Nb6 14. 0-0 Nc4 15. Qf2 Nxe3 16. Qxe3 0-0 17. f5 Nb4 18. Qf2 exf5 19. a3 Nc6 20. exf5 f6 21. g6 d5 22. Nxd5 Ne5 23. Rad1 Bd6 24. Rd4 a5 25. Nf4 Bxg2 26. Qxg2 Bc5 27. gxh7+ Kh8 28. Ne6 Bxd4+ 29. Nbxd4 Qd7 30. Kh1 Rf7 31. c3 Qb7 32. Nf3 Rd7 33. Kh2 Nxf3+ 34. Rxf3 Rd2 1/2-1/2

[Event "HUN-chT U18"]
[Site "Budapest"]
[Date "2021.10.24"]
[Round "1.22"]
[White "Szabo Toth, Gabor"]
[Black "Nagy, Adam1111"]
[Result "1/2-1/2"]
[WhiteElo "1799"]
[BlackElo "1567"]
[PlyCount "131"]
[EventDate "2021.10.24"]
[EventType "team-tourn"]
[EventRounds "7"]
[EventCountry "HUN"]
[SourceTitle "CBM 205 Extra"]
[Source "ChessBase"]
[SourceDate "2022.01.31"]
[SourceVersion "1"]
[SourceVersionDate "2022.01.31"]
[SourceQuality "1"]

1. e4 e5 2. Nf3 Nc6 3. Bb5 a6 4. Ba4 Nf6 5. d4 b5 6. Bb3 exd4 7. e5 Ne4 8. 0-0 Be7 9. Re1 Nc5 10. Bd5 Bb7 11. Nxd4 Nxd4 12. Qxd4 0-0 13. Nc3 Ne6 14. Qg4 c6 15. Bb3 Re8 16. Bh6 Bf8 17. Rad1 Kh8 18. Be3 Qc7 19. Qh5 g6 20. Qf3 Kg8 21. Ne4 Bg7 22. Nd6 Rf8 23. Qg3 Rab8 24. Re2 c5 25. Bd5 Bxd5 26. Rxd5 Qc6 27. Rd1 c4 28. Bd2 Qc5 29. c3 a5 30. a3 Nd8 31. Ne4 Qd5 32. Nf6+ Bxf6 33. exf6 Ne6 34. Ree1 Qf5 35. Bh6 Rfd8 36. Rxd7 Qxf6 37. Red1 Re8 38. h4 Nc5 39. Bg5 Qe6 40. R7d6 Qe2 41. R6d2 Qe6 42. Bh6 Ne4 43. Qxb8 Nxd2 44. Qxb5 Nb3 45. Qd7 Qe2 46. Bg5 Nc5 47. Qd4 Nd3 48. Bh6 Qe5 49. Qxe5 Rxe5 50. b3 f5 51. bxc4 Nc5 52. Rd5 Re1+ 53. Kh2 Ne4 54. Be3 Nxc3 55. Rxa5 Nd1 56. Re5 Re2 57. Rd5 Nxe3 58. fxe3 Rxe3 59. a4 Re4 60. Rc5 Rxh4+ 61. Kg1 Kf7 62. Rc7+ Ke6 63. a5 Kd6 64. Rc8 Kd7 65. Rc5 Kd6 66. Rc8 1/2-1/2